Genealogía y personalidad de la sociedad anónima

Gespeichert in:
Bibliographische Detailangaben
1. Verfasser: De Rossi, Guido (VerfasserIn)
Format: Buch
Sprache:Spanisch
Veröffentlicht: Lima Jurídica 1962
Schlagworte:
Tags: Tag hinzufügen
Keine Tags, Fügen Sie den ersten Tag hinzu!

MARC

LEADER 00000nam a2200000 a 4500
001 UCS2015
003 CL-VaPUC
008 970516e19620000PE |||||||||||||||||spa|d
082 0 4 |a 346.066  |b DER  |2 21 
100 0 |a De Rossi, Guido  |e author  |9 387004 
245 1 0 |a Genealogía y personalidad de la sociedad anónima 
300 |a 180 p 
942 |c BK 
945 |d 19970516 00:00:00  |a cmena 
260 |a Lima  |b Jurídica  |c 1962 
650 0 |a Derecho comercial   |9 256340 
650 0 |a Sociedades comerciales   |9 257290 
650 0 |a Sociedades anónimas  |9 255387 
650 0 |a Mercado de capitales  |9 330596 
650 7 |a LEGISLACION  |2 CL-VaPUC  |9 387005 
650 0 |a Derecho comparado  |9 255664 
650 0 |a Deudor y acreedor  |9 256643 
650 0 |a Derecho romano  |9 255930 
650 0 |a Personalidad jurídica   |9 315329 
650 0 |a Derecho privado  |9 258243 
650 0 |a Historia del derecho  |9 255109 
650 0 |a Filosofía del derecho   |9 255050 
650 7 |a RESPONSABILIDAD CIVIL  |2 CL-VaPUC  |9 387006 
650 0 |a Responsabilidad penal  |9 254899 
583 |a last modification  |c 19970516 00:00:00  |k Rodrigo Vera 
999 |c 260014  |d 260012 
952 |0 0  |1 0  |4 0  |6 346_066000000000000_DER_1962  |7 0  |8 A  |9 285583  |a BIBDER  |b BIBDER  |d 2019-11-19  |i 1858211  |o 346.066 DER 1962  |p 1858211  |r 2023-01-25  |w 2019-11-19  |y BK  |k DER